000 01135cam a2200325 a 4500
001 13584
003 BD-RjUL
005 20211208235458.0
008 010201s1993 nyu 000 1 eng
020 _a0679414770 ;
035 _a(BD-RjUL)13636
040 _aDLC
_cDLC
_dDLC
_dOCoLC
_dDLC
_beng
041 _aeng
082 0 0 _a813.54
_220
_bGAL 1993
100 1 _aGaines, Ernest J.,
_d1933-
_942476
245 1 2 _aA lesson before dying /
_cErnest J. Gaines.
260 _aNew York :
_bA. A. Knopf :
_bDistribued by Random House, Inc.,
_c1993.
300 _a256 p. ;
_c23 cm.
650 0 _aAfrican American men
_vFiction.
_942477
650 0 _aDeath row inmates
_xFiction.
_942478
650 0 _aRace relations
_xFiction.
_942479
650 0 _aFriendship
_xFiction.
_942480
651 0 _aLouisiana
_xFiction.
_942481
655 7 _aHistorical fiction.
_2gsafd
_942483
856 4 2 _3Publisher description
_uhttp://www.loc.gov/catdir/description/random049/92020335.html
856 4 1 _3Sample text
_uhttp://www.loc.gov/catdir/enhancements/fy0904/92020335-s.html
942 _2ddc
_cBK
999 _c13584
_d13584